[Event "Knjaz Milos Jezero Open"]
[Site "Belgrade SCG"]
[Date "2004.08.24"]
[Round "8"]
[White "Stojanac,A"]
[Black "Stancic,L"]
[Result "1-0"]
[WhiteElo "2059"]
[BlackElo "1916"]

1.e4 e6 2.d4 d5 3.Nc3 Nf6 4.e5 Nfd7 5.f4 c5 6.Nf3 Nc6 7.Bb5 Qb6 8.Bxc6 bxc6
9.O-O cxd4 10.Nxd4 c5 11.Nf3 Be7 12.Kh1 O-O 13.b3 Ba6 14.Re1 Rac8 15.a3 f6
16.f5 d4 17.Na4 Qd8 18.exf6 Nxf6 19.Rxe6 Bb5 20.Re1 Ng4 21.Kg1 Rxf5 22.h3 Nf6
23.Nb2 Bc6 24.Qe2 Ne4 25.Nc4 Bh4 26.Rf1 Kh8 27.Ncd2 Ng3 28.Qd3 Nxf1 29.Qxf5 Ne3
30.Qd3 Bf6 31.Bb2 Qc7 32.Ne4 Be7 33.Nfd2 Rf8 34.c3 Bxe4 35.Nxe4 Rf4 36.cxd4 Qb7
37.Qxe3 Rxe4 38.Qd3 cxd4 39.Bxd4 Qd5  1-0

[Event "35th Atlantic Open"]
[Site "Washington DC USA"]
[Date "2004.08.28"]
[Round "3"]
[White "Stancil,K"]
[Black "Roush,J"]
[Result "1/2-1/2"]
[WhiteElo "2121"]
[BlackElo "2134"]

1.e4 e6 2.d4 d5 3.Nc3 Nf6 4.e5 Nfd7 5.f4 c5 6.Nf3 Nc6 7.Be3 a6 8.Qd2 b5 9.Qf2 cxd4
10.Nxd4 Nxd4 11.Bxd4 Qc7 12.O-O-O Bc5 13.h4 Bxd4 14.Rxd4 Qc5 15.Rh3 Bb7 16.Qd2 Nb6
17.b3 O-O-O 18.Kb2 Kb8 19.Ne4 Qc7 20.Nd6 Nc8 21.Nxb7 Kxb7 22.a4 Na7 23.axb5 Nxb5
24.Rb4 Qb6 25.Bxb5 axb5 26.Qe2 Ka6 27.Rh1 Qc5 28.Qd2 Kb6 29.Rh3 Ra8 30.Rc3 Qg1
31.Qd4+ Qxd4 32.Rxd4 h5 33.Rb4 g6 34.Rd4  1/2-1/2

[Event "TCh-CRO u20"]
[Site "Rabac CRO"]
[Date "2004.09.09"]
[Round "5"]
[White "Saric,Iv"]
[Black "Bazant,J"]
[Result "1-0"]
[WhiteElo "2227"]
[BlackElo "2130"]

1.e4 e6 2.d4 d5 3.Nc3 Nf6 4.e5 Nfd7 5.f4 c5 6.Nf3 Nc6 7.Be3 Qb6 8.Na4 Qa5+
9.c3 cxd4 10.b4 Qc7 11.Nxd4 Nxd4 12.Bxd4 Be7 13.Bd3 O-O 14.O-O f6 15.Qh5 f5
16.g4 g6 17.Qh6 fxg4 18.Bxg6 hxg6 19.Qxg6+ Kh8 20.Qh5+ Kg8 21.Qxg4+ Kf7 22.Qh5+ Kg7
23.Rf3 Rf5 24.Rg3+ Bg5 25.Rxg5+ Rxg5+ 26.fxg5 Nf8 27.Rf1  1-0

[Event "TCh-CRO w"]
[Site "Rabac CRO"]
[Date "2004.09.12"]
[Round "8"]
[White "Kaps,D"]
[Black "Detelic,M"]
[Result "1-0"]
[WhiteElo "2186"]
[BlackElo "1927"]

1.e4 e6 2.d4 d5 3.Nc3 Nf6 4.e5 Nfd7 5.f4 c5 6.Nf3 Nc6 7.Be3 a6 8.Qd2 b5 9.dxc5 Bxc5
10.Bxc5 Nxc5 11.Qf2 Qb6 12.Bd3 Rb8 13.O-O Nxd3 14.Qxb6 Rxb6 15.cxd3 Bd7 16.Rac1 O-O
17.f5 exf5 18.Nxd5 Rb7 19.Rc5 a5 20.Rfc1 Be6 21.Nf4 Ne7 22.d4 Bxa2 23.d5 Bxd5
24.Nxd5 Nxd5 25.Rxd5 g6 26.Rcc5 b4 27.Rxa5 Rc8 28.Nd4 Rc1+ 29.Kf2 Rbc7 30.Ra8+ Kg7
31.Rb8 R7c5 32.Rxc5 Rxc5 33.e6 Re5 34.exf7 Kxf7 35.Rxb4 g5 36.Nf3  1-0

[Event "IMA Classic"]
[Site "Gausdal NOR"]
[Date "2004.09.25"]
[Round "4"]
[White "Bogner,S"]
[Black "Bjerke,R"]
[Result "1-0"]
[WhiteElo "2178"]
[BlackElo "2232"]

1.e4 e6 2.d4 d5 3.Nc3 Nf6 4.e5 Nfd7 5.f4 c5 6.Nf3 Nc6 7.Be3 a6 8.Qd2 cxd4
9.Nxd4 Bc5 10.O-O-O Bxd4 11.Bxd4 b5 12.Be3 O-O 13.Qf2 f6 14.exf6 Nxf6 15.Bc5 Re8
16.Bd3 e5 17.fxe5 Nxe5 18.Be2 Bb7 19.a3 Rc8 20.Rhf1 Qc7 21.Bb6 Qd6 22.Bd4 Rf8
23.Qg3 Rce8 24.Rf5 Nc4 25.Qg5 Qe7 26.Bf3 h6 27.Qg6 Ne3 28.Rxf6 Nxd1 29.Rxf8+  1-0

[Event "79th ch-ARG"]
[Site "Buenos Aires ARG"]
[Date "2004.09.29"]
[Round "7"]
[White "Tossutti,J"]
[Black "Ibar,M"]
[Result "0-1"]
[WhiteElo "2165"]
[BlackElo "2314"]

1.e4 e6 2.d4 d5 3.Nc3 Nf6 4.e5 Nfd7 5.Nf3 c5 6.dxc5 Nc6 7.Bf4 Nxc5 8.Bd3 Be7
9.O-O O-O 10.Re1 Nxd3 11.Qxd3 b6 12.Nd4 Nxd4 13.Qxd4 Bb7 14.Rad1 Rc8 15.Qe3 Qc7
16.Qg3 Rfd8 17.Bh6 g6 18.Rd4 b5 19.Nxb5 Qc5 20.a4 a6 21.b4 Qb6 22.Bg5 Bxg5
23.Qxg5 axb5 24.Rh4 Rxc2 25.Rf1 Rd7 26.Qh6 f5 27.exf6 Rf7 28.axb5 e5 29.Rh3 d4
30.Rg3 Qxf6  0-1

[Event "79th ch-ARG"]
[Site "Buenos Aires ARG"]
[Date "2004.09.29"]
[Round "7"]
[White "Alonso,S"]
[Black "De Dovitiis,A"]
[Result "1-0"]
[WhiteElo "2444"]
[BlackElo "2356"]

1.e4 e6 2.d4 d5 3.Nc3 Nf6 4.e5 Nfd7 5.f4 c5 6.Nf3 Nc6 7.Be3 cxd4 8.Nxd4 Bc5
9.Qd2 O-O 10.g3 a6 11.Bg2 Nxd4 12.Bxd4 Bxd4 13.Qxd4 Nb8 14.O-O Nc6 15.Qf2 Bd7
16.Rad1 Rc8 17.Rfe1 Ne7 18.Rd2 Qa5 19.a3 Rc7 20.Nd1 Rfc8 21.Ne3 Qb6 22.c3 a5
23.Bf3 Nc6 24.Red1 Ne7 25.h4 Ba4 26.Re1 Rd7 27.Be2 Rcd8 28.Bd1 Bxd1 29.Rexd1 Qb5
30.Kg2 h5 31.Qe2 Qc6 32.Nc2 Nf5 33.Nd4 Nxd4 34.cxd4 g6 35.g4 hxg4 36.Qxg4 Rc7
37.h5 Qe8 38.Rh1 Kg7 39.hxg6 fxg6 40.Qh4  1-0

[Event "Monarch Assurance"]
[Site "Port Erin IOM"]
[Date "2004.09.30"]
[Round "6"]
[White "Berzinsh,R"]
[Black "Grant,A"]
[Result "1/2-1/2"]
[WhiteElo "2455"]
[BlackElo "2193"]

1.e4 e6 2.d4 d5 3.Nc3 Nf6 4.e5 Nfd7 5.f4 c5 6.Nf3 Nc6 7.Be3 cxd4 8.Nxd4 Bc5
9.Qd2 O-O 10.O-O-O a6 11.Kb1 Nxd4 12.Bxd4 b5 13.Qe3 Qc7 14.Bd3 b4 15.Ne2 a5
16.Rhe1 Ba6 17.f5 Rfc8 18.f6 Bxd3 19.cxd3 Bf8 20.Nf4 b3 21.Rc1 bxa2+ 22.Ka1 Qd8
23.g4 Rxc1+ 24.Rxc1 Rc8 25.g5 Rxc1+ 26.Qxc1 g6 27.Qc6 Nb8 28.Qb7 Qe8 29.Be3 Nc6
30.Qc7 Nb4 31.b3 a4 32.Ne2 axb3 33.Nd4 Qa4 34.Qc3 Nc2+ 35.Nxc2 bxc2 36.Bc1 Qb4
37.Qxc2 Qb1+ 38.Qxb1 axb1=Q+ 39.Kxb1 Bc5 40.Kc2 Bg1 41.h3 Kf8 42.Kc3 Ke8
43.d4 Kd7 44.Kd3 Kc6 45.Bd2 Kb5 46.Bc1 Kb4 47.Bd2+ Kb3 48.Bc1 Bf2  1/2-1/2

[Event "Monarch Assurance"]
[Site "Port Erin IOM"]
[Date "2004.09.30"]
[Round "6"]
[White "Zawadzka,J"]
[Black "Kiriakov,P"]
[Result "0-1"]
[WhiteElo "2272"]
[BlackElo "2555"]

1.e4 e6 2.d4 d5 3.Nc3 Nf6 4.e5 Nfd7 5.f4 c5 6.Nf3 Nc6 7.Be3 a6 8.Qd2 b5 9.dxc5 Bxc5
10.Bxc5 Nxc5 11.Qf2 Qb6 12.Bd3 b4 13.Ne2 a5 14.O-O Ba6 15.Kh1 Ne7 16.Rad1 h6
17.Nfd4 g6 18.Qh4 Ne4 19.g4 Qc7 20.Bxe4 dxe4 21.Qf6 O-O 22.Rfe1 Bb7 23.f5 exf5
24.gxf5 Ra6 25.e6 e3+ 26.Kg1 Nxf5 27.Nxf5 gxf5 28.Qxf5 Rxe6 29.Ng3 Qc6 30.Qh3 Rg6  0-1

[Event "TCh-Vojvodina"]
[Site "Sombor SCG"]
[Date "2004.10.01"]
[Round "9"]
[White "Popic,S"]
[Black "Robulj,N"]
[Result "0-1"]
[WhiteElo "2089"]
[BlackElo "2259"]

1.d4 e6 2.e4 d5 3.Nc3 Nf6 4.e5 Nfd7 5.Nce2 c5 6.c3 Nc6 7.f4 b5 8.Nf3 b4 9.dxc5 bxc3
10.bxc3 Qa5 11.Bd2 Qxc5 12.Ned4 Nb6 13.Bb5 Bd7 14.O-O a6 15.Bxc6 Bxc6 16.Kh1 Ba4
17.Qe1 g6 18.Be3 Qc7 19.Rb1 Nc4 20.Bg1 Be7 21.g4 h5 22.f5 hxg4 23.fxe6 gxf3
24.exf7+ Kd7 25.e6+ Kc8 26.Rxf3 Ne5 27.Rg3 Bd6 28.Qf2 Rb8 29.Rxb8+ Kxb8 30.Qf6 Rf8
31.Bf2 Be7 32.Qg7 Bd6 33.Rh3 Nxf7 34.Rf3 Nd8 35.Rxf8 Qxg7 36.Rxd8+ Kc7 37.Bh4 Qe5
38.Rxd6 Qe4+ 39.Kg1 Kxd6 40.Bg3+ Ke7 41.Kf2 Bd1 42.Bb8 Bg4 43.Bg3 Bxe6 44.a4 Bd7
45.a5 g5 46.Bc7 Qd3  0-1

[Event "Monarch Assurance"]
[Site "Port Erin IOM"]
[Date "2004.10.02"]
[Round "8"]
[White "Chandler,M"]
[Black "Korchnoi,V"]
[Result "1-0"]
[WhiteElo "2531"]
[BlackElo "2568"]

1.e4 e6 2.d4 d5 3.Nc3 Nf6 4.e5 Nfd7 5.Nf3 c5 6.dxc5 Nc6 7.Bf4 Be7 8.Bg3 Nxc5
9.Bd3 Qb6 10.O-O Nxd3 11.Qxd3 Bd7 12.a3 O-O 13.Rfe1 Rfc8 14.Bf4 Na5 15.b3 Qc7
16.Nxd5 exd5 17.e6 Qd8 18.exf7+ Kh8 19.Rxe7 Qxe7 20.Ng5 Qxg5 21.Bxg5 Be6
22.Qf3 Rf8 23.Re1  1-0

[Event "Monarch Assurance"]
[Site "Port Erin IOM"]
[Date "2004.10.02"]
[Round "8"]
[White "Smith,AP"]
[Black "Horton,Ju"]
[Result "1/2-1/2"]
[WhiteElo "2205"]
[BlackElo "2091"]

1.e4 e6 2.d4 d5 3.Nc3 Nf6 4.e5 Nfd7 5.Qh5 c5 6.Nf3 cxd4 7.Nxd4 Qb6 8.Ndb5 g6
9.Qg5 Nc6 10.Nd6+ Bxd6 11.exd6 f6 12.Qg3 Nd4 13.Bd3 Ne5 14.O-O Nxd3 15.Qxd3 Nf5
16.Re1 O-O 17.Nxd5 Qxd6 18.Ne3 Qxd3 19.cxd3 Nxe3 20.Bxe3  1/2-1/2

[Event "4th Rohde Open"]
[Site "Sautron FRA"]
[Date "2004.10.25"]
[Round "3"]
[White "Libiszewski,F"]
[Black "Kosten,A"]
[Result "1/2-1/2"]
[WhiteElo "2419"]
[BlackElo "2519"]

1.e4 e6 2.d4 d5 3.Nc3 Nf6 4.e5 Nfd7 5.f4 c5 6.Nf3 a6 7.Be3 Qb6 8.a3 Nc6 9.dxc5 Bxc5
10.Na4 Qa5+ 11.b4 Qxa4 12.bxc5 O-O 13.c4 Qa5+ 14.Qd2 Rd8 15.Qxa5 Nxa5 16.cxd5 exd5
17.Rb1 Nf8 18.Bd3 Nc4 19.Bxc4 dxc4 20.Kf2 Rd3 21.Rhc1 Rxa3 22.Rxc4 Ra2+ 23.Kg1 Ra3
24.Bc1 Rd3 25.Rd4 Rxd4 26.Nxd4 g6 27.Ba3 a5 28.Kf2 Ne6 29.Nxe6 fxe6 30.Rd1 Kf7
31.Rd8 Rb8 32.g4 h5 33.gxh5 gxh5 34.h4 Ke7 35.Rh8 Kd7 36.Rxh5 b5 37.cxb6 Rxb6
38.Rh7+ Kc6 39.h5 Rb3 40.Bd6 Ba6 41.Rc7+ Kd5 42.Rc5+ Ke4 43.Rxa5 Rf3+ 44.Kg1 Bd3
45.Ra4+ Kf5 46.h6 Kg4 47.Kg2  1/2-1/2

[Event "WYg18"]
[Site "Heraklio GRE"]
[Date "2004.11.04"]
[Round "1"]
[White "Melia,S"]
[Black "Dedijer,S"]
[Result "1-0"]
[WhiteElo "2326"]
[BlackElo "2064"]

1.e4 e6 2.d4 d5 3.Nc3 Nf6 4.e5 Nfd7 5.f4 c5 6.Nf3 Nc6 7.Be3 Qb6 8.Na4 Qa5+
9.c3 cxd4 10.b4 Qc7 11.Nxd4 Nxd4 12.Bxd4 Be7 13.Bd3 O-O 14.O-O Nb8 15.a3 Nc6
16.Be3 b6 17.Qc2 h6 18.c4 d4 19.Bf2 Rd8 20.c5 bxc5 21.Nxc5 Bxc5 22.Qxc5 Qb6
23.Qxb6 axb6 24.Be4 Bb7 25.Rfd1 Ra4 26.Rac1 Rc8 27.b5 Na5 28.Rxc8+ Bxc8 29.Rxd4 Rxd4
30.Bxd4 Nc4 31.a4 f6 32.Bd3 fxe5 33.fxe5 Na5 34.Bxb6  1-0

[Event "WYb14"]
[Site "Heraklio GRE"]
[Date "2004.11.04"]
[Round "1"]
[White "Andreikin,D"]
[Black "Kanakaris,G"]
[Result "1-0"]
[WhiteElo "2451"]
[BlackElo "2061"]

1.e4 e6 2.d4 d5 3.Nc3 Nf6 4.e5 Nfd7 5.f4 c5 6.Nf3 Nc6 7.Be3 a6 8.Qd2 b5 9.Qf2 Qa5
10.Be2 b4 11.Nd1 g6 12.O-O Bb7 13.c3 cxd4 14.cxd4 Rc8 15.b3 Na7 16.g4 Be7
17.f5 Qb6 18.Bd3 Nb5 19.f6 Bf8 20.Nb2 Nc3 21.Rfc1 Bc6 22.Rc2 Qb7 23.Qf1 Nb8
24.Nd1 Ne4 25.Rac1 h5 26.g5 h4 27.Nd2 Nxd2 28.Bxd2 h3 29.Qf2 Kd7 30.Be3 Kc7
31.Nb2 Kb6 32.Bf1 Ka7 33.Nd3 Bd7 34.Rxc8 Bxc8 35.Nf4 Bd7 36.Nxh3 Bb5 37.Nf4 Bxf1
38.Qxf1  1-0

[Event "TCh-BEL2 2004-5"]
[Site "Belgium BEL"]
[Date "2004.11.07"]
[Round "3"]
[White "Froeyman,H"]
[Black "Ghysels,M"]
[Result "1-0"]
[WhiteElo "2316"]
[BlackElo "2150"]

1.e4 e6 2.d4 d5 3.Nc3 Nf6 4.e5 Nfd7 5.f4 c5 6.Nf3 Nc6 7.Be3 a6 8.Qd2 b5 9.dxc5 Bxc5
10.Bxc5 Nxc5 11.Qf2 Qb6 12.Bd3 b4 13.Ne2 a5 14.O-O Ba6 15.Rad1 Na4 16.Qxb6 Nxb6
17.Ned4 Nxd4 18.Nxd4 Ke7 19.f5 Rhc8 20.Rf3 Nd7 21.fxe6 Nxe5 22.Rg3 g6 23.exf7 Kxf7
24.Re3 Re8 25.Rf1+ Kg7 26.Rfe1 Kf6 27.Nc6 Nxd3 28.Rxe8 Rxe8 29.Rxe8 Nxb2
30.Nxa5 Nc4 31.Ra8 Bb5 32.Nxc4 Bxc4 33.Kf2 Ke5 34.Ke3 h5 35.Ra4 g5 36.Rxb4 Bxa2
37.Rb8 h4 38.c3 Bc4 39.Rf8 Bb3 40.Re8+ Kf5 41.Kd4 Bc4 42.Rf8+ Ke6 43.g4 hxg3
44.hxg3 Bb3 45.Rf3 Bc2 46.Re3+  1-0

[Event "WYg16"]
[Site "Heraklio GRE"]
[Date "2004.11.11"]
[Round "9"]
[White "Siti,Z"]
[Black "Isgandarova,K"]
[Result "0-1"]
[WhiteElo "2162"]
[BlackElo "2067"]

1.e4 e6 2.d4 d5 3.Nc3 Nf6 4.e5 Nfd7 5.Nce2 c5 6.c3 Nc6 7.f4 Qb6 8.Nf3 cxd4
9.cxd4 Bb4+ 10.Bd2 O-O 11.Bxb4 Qxb4+ 12.Qd2 Qxd2+ 13.Kxd2 b5 14.Rc1 Bb7 15.Nc3 a6
16.b3 f6 17.Bd3 fxe5 18.fxe5 h6 19.h4 Rac8 20.Ne2 Nb4 21.Bb1 a5 22.a3 Nc6
23.Bd3 b4 24.a4 Ncb8 25.Rxc8 Rxc8 26.Nf4 Nf8 27.Rh3 Rc3 28.Bc2 Ba6 29.Rg3 Kf7
30.Rg4 Nc6 31.Nh5 g6 32.Rf4+ Ke7 33.Nf6 g5 34.hxg5 hxg5 35.Rg4 Be2 36.Kxe2 Rxc2+
37.Kd1 Rc3 38.Rxg5 Rxb3 39.Rg7+ Kd8 40.Rf7 Ng6 41.Ng5 Nxd4 42.Rd7+ Kc8 43.Nf7 Rd3+
44.Kc1 Rc3+ 45.Kb1 Rc7 46.Nd6+ Kb8 47.Rd8+ Ka7 48.Nfe8 Rh7 49.Nc8+ Kb7 50.Ncd6+ Kb6
51.Rb8+ Ka7 52.Rd8 Nxe5 53.Nc8+ Ka6 54.Ncd6 Nd3 55.Ra8+ Kb6 56.Nc8+ Kc5 57.Rxa5+ Kc4
58.Ned6+ Kc3  0-1

[Event "WYb12"]
[Site "Heraklio GRE"]
[Date "2004.11.12"]
[Round "10"]
[White "Safarli,E"]
[Black "Ding,L"]
[Result "0-1"]
[WhiteElo "2306"]
[BlackElo "2231"]

1.e4 e6 2.d4 d5 3.Nc3 Nf6 4.e5 Nfd7 5.f4 c5 6.Nf3 Nc6 7.Be3 a6 8.Qd2 b5 9.dxc5 Nxc5
10.Qf2 b4 11.Bxc5 bxc3 12.b3 Be7 13.Bd3 h6 14.O-O O-O 15.Bxe7 Qxe7 16.Nd4 Nb4
17.Qe3 Qc5 18.Rf3 Bd7 19.Rg3 Rfc8 20.Be2 Kh8 21.Bh5 Be8 22.f5 exf5 23.Kh1 g5
24.e6 f6 25.Bxe8 f4 26.Qf3 Rxe8 27.Rh3 Qf8 28.Nf5 Ra7 29.Nxh6 Rxe6 30.Nf7+ Kg7
31.Qh5 Qe8 32.Rg1 Re3 33.Qh6+ Kxf7 34.Qh7+ Kf8 35.Qh8+ Ke7 36.Rh7+ Kd6 37.Qxf6+ Re6
38.Qxc3 Rxh7 39.Qxb4+ Kc6 40.Qa4+ Kb7 41.Qb4+ Rb6 42.Qc3 Qe3 43.Qxe3 fxe3
44.Re1 Re6 45.g3 e2 46.Kg2 Rc7  0-1

[Event "16th Open"]
[Site "Leuven BEL"]
[Date "2004.11.13"]
[Round "4"]
[White "Akhayan,R"]
[Black "Hovhanisian,M"]
[Result "0-1"]
[WhiteElo "2205"]
[BlackElo "2324"]

1.e4 e6 2.d4 d5 3.Nc3 Nf6 4.e5 Nfd7 5.f4 c5 6.Nf3 Nc6 7.Be3 cxd4 8.Nxd4 Bc5
9.Qd2 Nxd4 10.Bxd4 Bxd4 11.Qxd4 Qb6 12.Nb5 Qxd4 13.Nxd4 a6 14.Bd3 g6 15.Kd2 h5
16.c4 dxc4 17.Bxc4 b5 18.Bb3 Bb7 19.a4 Nc5 20.axb5 Rd8 21.Kc3 Rxd4 22.Bc4 Rxf4
23.bxa6 Bxg2 24.Rhg1 Ba8 25.Rgd1 Ne4+ 26.Kb4 Ke7 27.a7 Rc8 28.Rd4 g5 29.b3 Nc5
30.Rd6 Nxb3 31.Kxb3 Rfxc4 32.Rb6 R8c7 33.Rb8  0-1

[Event "TCh-ISL 2004-5"]
[Site "Reykjavik ISL"]
[Date "2004.11.19"]
[Round "1"]
[White "Thorhallsson,T"]
[Black "Kjartansson,G"]
[Result "1-0"]
[WhiteElo "2460"]
[BlackElo "2229"]

1.e4 e6 2.d4 d5 3.Nc3 Nf6 4.e5 Nfd7 5.f4 c5 6.Nf3 Nc6 7.Be3 cxd4 8.Nxd4 Bc5
9.Qd2 O-O 10.O-O-O a6 11.h4 Nxd4 12.Bxd4 b5 13.Kb1 b4 14.Na4 Bxd4 15.Qxd4 a5
16.h5 Ba6 17.Bxa6 Rxa6 18.c4 bxc3 19.Nxc3 Rb6 20.h6 g6 21.Nxd5 exd5 22.e6 Qf6
23.exd7 Rd8 24.Rhe1 Kf8 25.Qxf6 Rxf6 26.Rxd5  1-0

[Event "10th It"]
[Site "Tuzla BIH"]
[Date "2004.11.20"]
[Round "3"]
[White "Dugonjic,D"]
[Black "Trumic,E"]
[Result "0-1"]
[WhiteElo "2231"]
[BlackElo "2248"]

1.e4 e6 2.d4 d5 3.Nc3 Nf6 4.e5 Nfd7 5.f4 c5 6.Nf3 Nc6 7.Be3 a6 8.Qd2 b5 9.dxc5 Bxc5
10.O-O-O Qa5 11.Bxc5 Nxc5 12.Nd4 Nxd4 13.Qxd4 b4 14.Ne2 O-O 15.Kb1 Rb8 16.Nc1 b3
17.Nxb3 Nxb3 18.axb3 Rb4 19.Qd2 Qb6 20.Bd3 a5 21.g4 a4 22.Rhg1 axb3 23.cxb3 Rxb3
24.f5 Ba6 25.Bxa6 Qxa6 26.Rg3 Rb5 27.b3 Ra5 28.Qb2 Ra8 29.Qc3 Ra1+ 30.Kc2 Qa2+  0-1

[Event "17th Belgrade Trophy"]
[Site "Obrenovac SCG"]
[Date "2004.11.22"]
[Round "1"]
[White "Prelevic,D"]
[Black "Stancic,L"]
[Result "0-1"]
[WhiteElo "2289"]
[BlackElo "1904"]

1.e4 e6 2.d4 d5 3.Nc3 Nf6 4.e5 Nfd7 5.f4 c5 6.Nf3 Nc6 7.Ne2 Qb6 8.c3 Be7
9.a3 c4 10.g4 Nf8 11.Ng3 Bd7 12.Bh3 O-O-O 13.O-O Na5 14.Kh1 h6 15.f5 Nh7
16.Bg2 Rdf8 17.Qc2 Nb3 18.Rb1 Nxc1 19.Qxc1 Ng5 20.Nd2 a5 21.b3 cxb3 22.Rxb3 Qc7
23.c4 Bc6 24.cxd5 exd5 25.Nh5 g6 26.Nf4 Kb8 27.f6 Bd8 28.Nxd5 Qd7 29.Qc4 a4
30.Rb2 b5 31.Rfb1 Ka8 32.Rxb5 Bxb5 33.Rxb5  0-1

[Event "10th It"]
[Site "Tuzla BIH"]
[Date "2004.11.22"]
[Round "6"]
[White "Rosic,S1"]
[Black "Dugonjic,D"]
[Result "1-0"]
[WhiteElo "2293"]
[BlackElo "2231"]

1.e4 e6 2.d4 d5 3.Nc3 Nf6 4.e5 Nfd7 5.f4 c5 6.Nf3 Nc6 7.Bb5 a6 8.Bxc6 bxc6
9.O-O Be7 10.Kh1 Bb7 11.Qe1 cxd4 12.Nxd4 c5 13.Nf3 Qc7 14.Qg3 g6 15.b3 d4
16.Na4 Bc6 17.Nb2 a5 18.a4 Be4 19.Nd3 Rb8 20.Nd2 Bd5 21.Ba3 h5 22.h3 O-O
23.Nf3 Nb6 24.Nh4 Be4 25.Nf2 Bf5 26.Nxf5 exf5 27.e6 Kh7 28.exf7 Rxf7 29.Nd3 Nd5
30.Ne5 Rg7 31.Bc1 Nc3 32.Bd2 Ne4 33.Qe1 Ra8 34.Nc4 Bd8 35.Rf3 h4 36.Qd1 Re7
37.Be1 Re6 38.Rf1 Qe7 39.Qf3 Bc7 40.Rd1 Qg7 41.Bxh4 Rae8 42.Be1 Ra6 43.Bh4 Qh6
44.Be1 Qg7 45.g3 Qh6 46.Kg2 Qg7 47.Rh1 Nd6 48.Nxd6 Rxd6 49.Bf2 Re4 50.h4 Qh6
51.Rd2 Qh5 52.Rhd1 Qxf3+ 53.Kxf3 Rc6 54.Rh1 Kh6 55.Rh2 Kh5 56.Rd3 Rce6 57.c3 Bb6
58.cxd4 cxd4 59.Rh1 Rc6 60.g4+ Kh6 61.h5 Rce6 62.hxg6+ Kxg6 63.gxf5+ Kxf5
64.Rh5+ Kg6 65.Rb5 Re2  1-0

[Event "17th Belgrade Trophy"]
[Site "Obrenovac SCG"]
[Date "2004.11.23"]
[Round "2"]
[White "Ardelean,G"]
[Black "Skare,G"]
[Result "1-0"]
[WhiteElo "2461"]
[BlackElo "2312"]

1.e4 e6 2.d4 d5 3.Nc3 Nf6 4.e5 Nfd7 5.Nce2 c5 6.c3 Nc6 7.f4 f5 8.Nf3 Qb6
9.h3 cxd4 10.cxd4 Bb4+ 11.Bd2 O-O 12.Kf2 Be7 13.Rb1 Ndb8 14.Be3 Bd7 15.g4 Be8
16.Ng3 Bg6 17.gxf5 Bxf5 18.Nxf5 exf5 19.b4 Nd8 20.Qb3 Qe6 21.Bg2 Nf7 22.Nd2 Rd8
23.Rhc1 Nc6 24.b5 Na5 25.Qa4 b6 26.Rc7 Rdc8 27.Rbc1 Rxc7 28.Rxc7 Bd8 29.Rc3 Bh4+
30.Kf1 Rd8 31.Rc7 Rd7 32.Qc2 g5 33.a4 gxf4 34.Bxf4 Bg5 35.Rxd7 Qxd7 36.Bg3 Be3
37.Qd3 f4 38.Bf2 Bxd2 39.Qxd2 f3 40.Bxf3 Nc4 41.Qf4 Qxh3+ 42.Ke2 Qe6 43.Qg4+ Qxg4
44.Bxg4 Ng5 45.Bh4 h5 46.Bf5 Ne4 47.Be6+ Kf8 48.Be1 Na5 49.Bxd5 Ng5 50.Bh4 Nh3
51.Ke3 Ke8 52.Be6 Ng1 53.Kf2  1-0

[Event "Lushki A"]
[Site "Serpukhov RUS"]
[Date "2004.11.23"]
[Round "7"]
[White "Ostrovskiy,A"]
[Black "Chebotarev,O"]
[Result "0-1"]
[WhiteElo "2297"]
[BlackElo "2486"]

1.e4 e6 2.d4 d5 3.Nc3 Nf6 4.e5 Nfd7 5.f4 c5 6.Nf3 Nc6 7.Be3 a6 8.Qd2 b5 9.dxc5 Bxc5
10.Bxc5 Nxc5 11.Qf2 Qb6 12.Bd3 b4 13.Ne2 a5 14.O-O Ba6 15.Rfd1 Na4 16.Qxb6 Nxb6
17.b3 Ke7 18.Ned4 Rhc8 19.Kf2 Nd7 20.Ke3 a4 21.Nxc6+ Rxc6 22.Nd4 Rc3 23.Ne2 Rc7
24.Nd4 h6 25.g3 f6 26.exf6+ Kxf6 27.Kd2 Nc5 28.Rdc1 Ne4+ 29.Bxe4 dxe4 30.c3 Rd8
31.Ke3 bxc3 32.Kxe4 Rcd7 33.Nc2 Rd3  0-1

[Event "Petrosian Mem Open"]
[Site "Yerevan ARM"]
[Date "2004.11.24"]
[Round "6"]
[White "Geller,J"]
[Black "Aginian,N"]
[Result "0-1"]
[WhiteElo "2489"]
[BlackElo "2310"]

1.e4 e6 2.d4 d5 3.Nc3 Nf6 4.e5 Nfd7 5.f4 c5 6.Nf3 Nc6 7.Be3 a6 8.Qd2 b5 9.Be2 Qb6
10.O-O cxd4 11.Nxd4 Bc5 12.Rad1 g6 13.Bf3 Bb7 14.Nce2 b4 15.Bf2 a5 16.c4 bxc3
17.bxc3 Nxd4 18.Nxd4 Ba6 19.Rb1 Qc7 20.Rfc1 O-O 21.a4 Nb6 22.f5 Nc4 23.Qh6 exf5
24.Bxd5 Rad8 25.Bxc4 Bxc4 26.Re1 Rb8 27.Rxb8 Rxb8 28.Bh4 Rb2 29.Bf6 Bf8 30.Qe3 Qb7
31.Nf3 Qd5 32.Kh1 Ba6 33.Qc1 Qa2 34.Qg5 Bb7 35.e6 Bxf3 36.e7 Bxe7 37.Bd4 Rxg2
38.Qf6 Rg3+  0-1

[Event "XXI WJun Women"]
[Site "Kochin IND"]
[Date "2004.11.27"]
[Round "11"]
[White "Kavitha,J"]
[Black "Bensdorp,M"]
[Result "0-1"]
[WhiteElo "2088"]
[BlackElo "2214"]

1.e4 e6 2.d4 d5 3.Nc3 Nf6 4.e5 Nfd7 5.f4 c5 6.Nf3 Qb6 7.Na4 Qa5+ 8.c3 cxd4
9.b4 Qc7 10.Nxd4 a6 11.Bd2 Nc6 12.Be3 Be7 13.Bd3 O-O 14.O-O Nxd4 15.Bxd4 f6
16.Qh5 f5 17.g4 g6 18.Qh6 b5 19.Nb2 Nb6 20.Kh1 Nc4 21.Nd1 Rf7 22.Nf2 Bf8
23.Qh3 Qc6 24.Bc2 Nd2 25.Rfc1 Bb7 26.a4 bxa4 27.Rxa4 Qc8 28.Ra5 Bc6 29.Re1 Bb5
30.g5 Bxb4 31.cxb4 Qxc2 32.Rea1 Qc4 33.Rxb5 Qxd4 34.Ra2 Qxf2 35.Qg2 Qe1+
36.Qg1 Qe4+ 37.Qg2 Qb1+  0-1

[Event "TCh-SWE Elitserien 2004-5"]
[Site "Stockholm/Eksjo SWE"]
[Date "2004.12.04"]
[Round "4"]
[White "Svenn,M"]
[Black "Jepson,C"]
[Result "1/2-1/2"]
[WhiteElo "2175"]
[BlackElo "2383"]

1.e4 e6 2.d4 d5 3.Nc3 Nf6 4.e5 Nfd7 5.f4 c5 6.Nf3 Qb6 7.a3 Nc6 8.dxc5 Bxc5
9.Na4 Qa5+ 10.c3 Be7 11.b4 Qc7 12.Bd3 f6 13.exf6 Nxf6 14.O-O O-O 15.Qe2 Bd6
16.Nd4 Qf7 17.Nc5 Nxd4 18.cxd4 b6 19.Nb3 Bb7 20.Nd2 Rac8 21.g3 Rfe8 22.Bb2 Qe7
23.Rae1 a5 24.bxa5 bxa5 25.f5 exf5 26.Qxe7 Rxe7 27.Rxe7 Bxe7 28.Bxf5 Rc6
29.Rc1 Rb6 30.Rc2 g6 31.Bd3 Ng4 32.Bc3 Bxa3 33.Bxa5 Rc6 34.Rxc6 Bxc6 35.h3 Ne3
36.Kf2 Nd1+ 37.Ke2 Nb2 38.Ba6 Bd6 39.Kf2 Bd7 40.h4 Nd1+ 41.Kf3 h5 42.Nf1 Bg4+
43.Kg2 Bf5 44.Be2 Be4+ 45.Bf3 Kf7 46.Bxe4 dxe4 47.Nd2 Ne3+ 48.Kh3 Ke6 49.Nxe4 Kd5
50.Nxd6 Kxd6 51.Bd2 Nf5 52.g4 Nxd4 53.gxh5 gxh5 54.Kg3 Nf5+ 55.Kf4 Nxh4 56.Kg5 Nf3+
57.Kxh5  1/2-1/2

[Event "TCh-BEL 2004-5"]
[Site "Belgium BEL"]
[Date "2004.12.05"]
[Round "5"]
[White "Smeets,J"]
[Black "Feygin,M"]
[Result "1/2-1/2"]
[WhiteElo "2515"]
[BlackElo "2481"]

1.e4 e6 2.d4 d5 3.Nc3 Nf6 4.e5 Nfd7 5.f4 c5 6.Nf3 Nc6 7.Be3 a6 8.Qd2 b5 9.dxc5 Bxc5
10.Bxc5 Nxc5 11.Bd3 Qb6 12.Qf2 Rb8 13.O-O Na4 14.Nd1 b4 15.a3 Qxf2+ 16.Rxf2 bxa3
17.b3 Nc5 18.Rxa3 f6 19.Re2 O-O 20.exf6 gxf6 21.Nf2 Re8 22.c4 Nb4 23.Bf5 Rd8
24.Bb1 d4 25.Rd2 d3 26.Ne1 e5 27.fxe5 fxe5 28.Nexd3 Ncxd3 29.Rxd3 Nxd3 30.Bxd3 Rb6
31.c5 Rc6 32.Ra5 Be6 33.b4 Rd4 34.Bxa6 Rxb4 35.Nd3 Rb1+ 36.Kf2 Bd5 37.Nxe5 Re6
38.Nd3 Rd1 39.Nf4 Rd2+ 40.Kg3 Re3+ 41.Kg4 Bxg2 42.Bc4+ Kh8 43.Kg5 Bc6 44.Ne6 Rf2
45.Ra6 Re5+ 46.Kg4 Rg2+ 47.Kf4 Re4+ 48.Kf5 Rf2+ 49.Kg5 h6+ 50.Kxh6 Rg2 51.Ng5 Rh4+
52.Kg6 Be8+ 53.Kf6 Rf4+  1/2-1/2

[Event "TCh-BEL 2004-5"]
[Site "Belgium BEL"]
[Date "2004.12.05"]
[Round "5"]
[White "Muhren,W"]
[Black "Roofthoofd,M"]
[Result "1-0"]
[WhiteElo "2253"]
[BlackElo "2262"]

1.e4 e6 2.d4 d5 3.Nc3 Nf6 4.e5 Nfd7 5.f4 c5 6.Nf3 Nc6 7.Be3 cxd4 8.Nxd4 Nxd4
9.Bxd4 Nb8 10.a3 Nc6 11.Bf2 Be7 12.Bd3 g6 13.Qe2 a6 14.g4 Qc7 15.O-O O-O
16.g5 Rd8 17.Na4 d4 18.c4 Bd7 19.Qc2 Na7 20.b4 Rac8 21.c5 Bxa4 22.Qxa4 Nc6
23.h4 Bf8 24.Rfd1 Ne7 25.Be4 Nd5 26.Bxd5 Rxd5 27.Rxd4 Rxd4 28.Bxd4 Rd8 29.Rd1 Rd5
30.Be3 Qd8 31.Rxd5 Qxd5 32.Qc2 Qf3 33.Qf2 Qd1+ 34.Qf1 Qb3 35.Qc1 h6 36.Kg2 hxg5
37.hxg5 Qa4 38.Kf2 Qb3 39.Ke2 Qa2+ 40.Kf3 Qh2 41.Qf1 Qc2 42.Kg3 Qb3 43.Qc1 Be7
44.Kf2 Kf8 45.Qh1 Qa2+ 46.Kg3 Kg7 47.Qxb7 Qxa3 48.Kf3 Bf8 49.Qb6 Qa1 50.c6 Qf1+
51.Kg3 Qe1+ 52.Bf2 Qc3+ 53.Kg2 Bxb4 54.c7 Ba5 55.c8=Q Qxc8 56.Qxa5 Qc4 57.Kf3 Qd3+
58.Be3 Qf1+ 59.Kg3 Qd3 60.Kf2 Qc2+ 61.Bd2 Qc4 62.Ke3 Qf1 63.Kd4 Qe2 64.Kc5 Qd3
65.Kc6 Qe4+ 66.Kc7 Qc4+ 67.Kb7 Qd3 68.Kc7 Qc4+ 69.Kd7 Qd3+ 70.Ke8 Qc4 71.Ke7 Qc6
72.Bb4 Qb7+ 73.Kd6 Kg8 74.Bc5 Qd5+ 75.Kc7 Qc4 76.Qb4 Qc2 77.Qb8+ Kh7 78.Qf8 Qf5
79.Be3 Qc2+ 80.Kd7  1-0

[Event "TCh-SWE Elitserien 2004-5"]
[Site "Stockholm/Eksjo SWE"]
[Date "2004.12.05"]
[Round "5"]
[White "Soderberg,P"]
[Black "Wiedenkeller,M"]
[Result "0-1"]
[WhiteElo "2235"]
[BlackElo "2459"]

1.e4 e6 2.d4 d5 3.Nc3 Nf6 4.e5 Nfd7 5.f4 c5 6.Be3 cxd4 7.Bxd4 Nc6 8.Nf3 Nxd4
9.Nxd4 Bc5 10.Qd2 Nxe5 11.O-O-O Nc6 12.Bb5 Bd7 13.Nb3 Be7 14.Nxd5 exd5 15.Qxd5 Qc7
16.Rhe1 O-O-O 17.Qxf7 Bf6 18.Nc5 Qxf4+ 19.Kb1 Qb4  0-1

[Event "TCh-SWE Elitserien 2004-5"]
[Site "Stockholm/Eksjo SWE"]
[Date "2004.12.05"]
[Round "5"]
[White "Djurhuus,R"]
[Black "Brynell,S"]
[Result "1-0"]
[WhiteElo "2473"]
[BlackElo "2473"]

1.e4 e6 2.d4 d5 3.Nc3 Nf6 4.e5 Nfd7 5.f4 c5 6.Nce2 Nc6 7.c3 Qb6 8.Nf3 Be7
9.g3 O-O 10.Bh3 cxd4 11.cxd4 f6 12.exf6 Bb4+ 13.Bd2 Nxf6 14.Bxb4 Qxb4+ 15.Qd2 Qb6
16.O-O Ne4 17.Qd3 e5 18.Bxc8 Raxc8 19.fxe5 Qxb2 20.Rfb1 Nb4 21.Qb5 a6 22.Rxb2 axb5
23.Nf4 Nd3 24.Nxd3 Rxf3 25.Nf4 Rc4 26.Rxb5 Rxd4 27.Rxb7 Ng5 28.e6 Kf8 29.Rc1 Rc4
30.Rxc4 dxc4 31.e7+ Kf7 32.Nd5 Rf5 33.Rb8 Nf3+ 34.Kh1  1-0